Ευκλείδεια γεωμετρία : Β' ενιαίου λυκείου - γενικής παιδείας ; ομαδοποίηση ασκήσεων
Αποθηκεύτηκε σε:
| Κύριος συγγραφέας: | |
|---|---|
| Μορφή: | Βιβλίο |
| Γλώσσα: | Greek |
| Δημοσίευση: |
Αθήνα :
Ελληνικά Γράμματα,
2000.
|
| Σειρά: | Ελληνική εκπαίδευση - Ενιαίο Λύκειο
|
| Θέματα: | |
| Ετικέτες: |
Προσθήκη ετικέτας
Δεν υπάρχουν, Καταχωρήστε ετικέτα πρώτοι!
|
MARC
| LEADER | 00000cam a2200000 i 4500 | ||
|---|---|---|---|
| 001 | 1/17455 | ||
| 008 | 120126s2000 gr | ||| |||| ||gre|| | ||
| 020 | |a 9603931470 | ||
| 035 | |l 10111722 | ||
| 040 | |a GR-MyUA |b gre |e AACR2 | ||
| 041 | 0 | |a gre | |
| 082 | 7 | |a 516.2 |2 (22) | |
| 100 | 1 | |a Καλομητσίνης, Σπύρος. | |
| 245 | 1 | 0 | |a Ευκλείδεια γεωμετρία : |b Β' ενιαίου λυκείου - γενικής παιδείας ; ομαδοποίηση ασκήσεων / |c Σπύρος Καλομητσίνης ...[κ.ά.]. |
| 260 | |a Αθήνα : |b Ελληνικά Γράμματα, |c 2000. | ||
| 300 | |a 366 σ. ; |c 24 εκ. | ||
| 490 | 1 | |a (Ελληνική εκπαίδευση - Ενιαίο Λύκειο) | |
| 500 | |a Σπύρος Καλομητσίνης - Γιάννης Μπαϊλάκης - Αλέξανδρος Βαρούχας - Αλεξάνδρα Καλομητσίνη. | ||
| 650 | 0 | 0 | |a Geometry |x Problems, exercises, etc. |
| 650 | 0 | 0 | |a Geometry |x Study and teaching (Secondary) |z Greece. |
| 830 | 0 | |a Ελληνική εκπαίδευση - Ενιαίο Λύκειο | |
| 852 | |a INST |b SAMOS |e 20120126 |h 516.2 ΕΥΚ |p 005300034074 |q 005300034074 |t BK |y 0 | ||
| 852 | |a INST |b SAMOS |e 20120126 |h 516.2 ΕΥΚ |p 005300034075 |q 005300034075 |t BK |y 12 | ||
| 901 | |a BIBL3-2012-1 | ||
| 909 | |a Σ |b 172039 | ||
| 909 | |a Σ |b 172038 | ||
| 920 | |a ΡΟΥΣΣΟΥ |b ΝΑΝΤΙΝ |y Σάμος |z 2011-12 | ||
| 922 | |a 3ΕΛΗ | ||
| 970 | |a ΓΟΥΒΑΛΑ |b ΒΑΣΩ |z 2012/01/26 | ||